Tap Ninja Pets Quiz - Statistics

General Stats
  • This quiz has been taken 14 times
  • The average score is 14 of 18
Answer Stats
Pets % Correct
Dog
100%
Cat
92%
Crane
92%
Snake
92%
Bunny
85%
Fox
85%
Chicken
77%
Hedgehog
77%
Mouse
77%
Panda
77%
Raccoon
77%
Raven
77%
Turtle
77%
Dragonfly
69%
Parrot
69%
Squirrel
69%
Dragonling
62%
Frog
62%
No matching quizzes found
Score Distribution
Percent of People with Each Score
Percentile by Number Answered
Your Score History
You have not taken this quiz